Interconnected dynamical systems /

Bibliographic Details
Main Author: DeCarlo, Raymond A., 1950-
Other Authors: Saeks, R.
Format: Book
Language:English
Published: New York, N.Y. : Dekker, [1981]
Series:Electrical engineering and electronics ; 10.
Subjects:

MARC

Tag First Indicator Second Indicator Subfields
LEADER 00000cam a22000008a 4500
001 in00000070717
005 20151008061855.0
008 810601s1981 nyua b 00110 eng
010 |a  81009784  
020 |a 0824766393 
035 |a (OCoLC)07577932 
035 |9 AAJ9031AM 
039 0 |a 2  |b 3  |c 3  |d 3  |e 3 
040 |a DLC  |c DLC  |d TXA  |d UtOrBLW 
049 |a TXAM  |c [1672088] 
050 0 0 |a TK454.2  |b .D35 
082 0 |a 620.7/2  |2 19 
100 1 |a DeCarlo, Raymond A.,  |d 1950- 
245 1 0 |a Interconnected dynamical systems /  |c Raymond A. DeCarlo, Richard Saeks. 
263 |a 8108 
264 1 |a New York, N.Y. :  |b Dekker,  |c [1981] 
264 4 |c ©1981 
300 |a vi, 512 pages :  |b illustrations ;  |c 24 cm. 
336 |a text  |b txt  |2 rdacontent 
337 |a unmediated  |b n  |2 rdamedia 
338 |a volume  |b nc  |2 rdacarrier 
490 1 |a Electrical engineering and electronics ;  |v v. 10 
500 |a Includes index. 
504 |a Bibliography: pages 485-504. 
650 0 |a Electric networks. 
650 0 |a System theory. 
700 1 |a Saeks, R. 
830 0 |a Electrical engineering and electronics ;  |v 10. 
999 |a MARS 
999 f f |s 9336fd15-0791-34d7-839e-c5b173013be0  |i bfceb816-b311-3147-b892-ff32ea808a4a  |t 0 
952 f f |p ric  |a Texas A&M University  |b Rellis Campus  |c Joint Library Facility  |d Remote Storage  |t 0  |e TK454.2 .D35  |h Library of Congress classification  |i unmediated -- volume  |m A14806250448 
998 f f |a TK454.2 .D35  |t 0  |l Remote Storage